Philosophy of the urban guerrilla (Record no. 6322)

MARC details
000 -LEADER
campo de control de longitud fija 00933nam a2200277 i 4500
001 - NÚMERO DE CONTROL
campo de control 6322
003 - IDENTIFICADOR DE NÚMERO DE CONTROL
campo de control ES-MaACL
005 - FECHA Y HORA DE LA ÚLTIMA TRANSACCIÓN
campo de control 20230906144859.0
007 - CAMPO FIJO DE DESCRIPCIÓN FÍSICA--INFORMACIÓN GENERAL
campo de control de longitud fija t|
008 - DATOS DE LONGITUD FIJA--INFORMACIÓN GENERAL
campo de control de longitud fija 890922s1973 xxu ||||1| eng d
020 ## - NÚMERO INTERNACIONAL ESTÁNDAR DEL LIBRO
Número Internacional Estándar del Libro 0-688-05147-2
080 ## - NÚMERO DE LA CLASIFICACIÓN DECIMAL UNIVERSAL
Número de la Clasificación Decimal Universal 355.425(8.03)"19"
080 ## - NÚMERO DE LA CLASIFICACIÓN DECIMAL UNIVERSAL
Número de la Clasificación Decimal Universal 327(100)"19"
100 1# - ENTRADA PRINCIPAL--NOMBRE DE PERSONA
Nombre de persona Guillén, Abraham.
9 (RLIN) 60757
245 10 - MENCIÓN DEL TÍTULO
Título Philosophy of the urban guerrilla
Resto del título : the revolutionary writings of Abraham Guillen /
Mención de responsabilidad, etc. translated and edited with an introduction by Donald C. Hodges.
260 ## - PUBLICACIÓN, DISTRIBUCIÓN, ETC.
Lugar de publicación, distribución, etc. New York :
Nombre del editor, distribuidor, etc. William Morrow,
Fecha de publicación, distribución, etc. 1973.
300 ## - DESCRIPCIÓN FÍSICA
Extensión XI, 305 p. ;
Dimensiones 21 cm.
490 1# - MENCIÓN DE SERIE
Mención de serie Morrow paperback editions
500 ## - NOTA GENERAL
Nota general Bibliografia.
650 #4 - PUNTO DE ACCESO ADICIONAL DE MATERIA--TÉRMINO DE MATERIA
Término de materia o nombre geográfico como elemento de entrada Guerra de guerrillas.
9 (RLIN) 13184
650 ## - PUNTO DE ACCESO ADICIONAL DE MATERIA--TÉRMINO DE MATERIA
Término de materia o nombre geográfico como elemento de entrada Política mundial-
Subdivisión cronológica 1955-1965.
9 (RLIN) 166115
700 1# - ENTRADA AGREGADA--NOMBRE PERSONAL
Nombre de persona Hodges, Donald C.
9 (RLIN) 63893
830 0# - PUNTO DE ACCESO ADICIONAL DE SERIE-TÍTULO UNIFORME
Título uniforme Morrow paperback editions
9 (RLIN) 227786
852 ## - LOCALIZACIÓN
Ubicación ES-MaACL
Número de control de estantería L-13442
Sublocalización o colección R.117083
Nota libre . - rust.
Holdings
Estatus retirado Estado de pérdida Estado de daño No para préstamo Biblioteca de origen Biblioteca actual Ubicación en estantería Fecha de adquisición Fuente de adquisición Total de préstamos Signatura topográfica completa Código de barras Visto por última vez Precio de reemplazo Tipo de ítem Koha
        Biblioteca del Ateneo de Madrid Biblioteca del Ateneo de Madrid Depósito 2 17/01/2008     L-13442 1006435 23/02/2023 23/02/2023 Libro impreso